000 01466nam a22002897a 4500
999 _c17496
_d17496
005 20251125232857.0
008 s2517 th tha d
040 _aNALT
041 _atha
245 1 0 _aประมวลคำสั่งและระเบียบการเกี่ยวกับงานที่ดินอำเภอ เล่มที่ 2
260 3 _aกรุงเทพฯ :
_bกรมที่ดิน กระทรวงมหาดไทย,
_c2517
300 _a514 หน้า :
_b ตาราง ;
_c 27 ซม.
650 0 4 _aกฎหมายที่ดิน
650 0 4 _aกรมที่ดิน (คำสั่งและระเบียบ)
650 0 4 _aที่ดิน -- กฎหมายและระเบียบข้อบังคับ
650 0 4 _aที่ดิน -- ค่าธรรมเนียม
650 0 4 _aที่ดิน -- อากรแสตมป์
650 0 4 _aที่ดินอำเภอ (คำสั่ง)
650 0 4 _aที่ดินอำเภอ (ระเบียบ)
650 0 4 _aน.ส. 3 -- การเพิกถอน
650 0 4 _aส.ค. 1 -- การทำทะเบียน
850 _aNALT
856 4 0 _uhttps://hdl.handle.net/20.500.14156/466103
942 _cLB
_2lcc
998 _j25
_k นีลวัสน์ อินทรักษา
090 _aKO22.2 ท532ป 2517 ล.2